Lady Gaga - Paroles Shallow (feat. Bradley Cooper) - Statistiques

Statistiques générales
  • Ce quiz a été pris 43 fois
  • Le résultat moyen est 171 sur 208
Statistiques - réponses
Hint Réponse % Correct
ah,
100%
ha,
100%
ha
100%
I
100%
in
100%
In
100%
me
100%
Bridge Oh,
100%
Oh
100%
you
100%
do
97%
more?
97%
need
97%
Or
97%
so
97%
somethin',
97%
somethin'
97%
Couplet 1 | Couplet 2 Tell
97%
the
97%
Are
95%
girl
95%
hallow
95%
happy
95%
Chorus | Refrain I'm
95%
sha
95%
shallow
95%
this
95%
boy
92%
world?
92%
And,
90%
deep
90%
fallin'
90%
modern
90%
for?
87%
For
87%
good
82%
myself
82%
bad
79%
change
79%
find
79%
now
79%
something,
79%
times,
79%
ground
77%
all
74%
far
74%
from
74%
never
74%
We're
74%
where
74%
Is
69%
surface
69%
that
69%
longin'
67%
meet
67%
searchin'
67%
there
67%
end,
64%
they
64%
us
64%
watch
64%
can't
62%
falling
62%
it
62%
low
62%
you're
62%
dive
59%
fear
59%
hard
59%
hurt
56%
I'll
56%
la
56%
longing
56%
Crash
54%
tired
54%
Aren't
51%
hardcore?
51%
off
51%
through
49%
as
46%
keepin'
46%
void?
46%
else
44%
fill
41%
Ain't
38%
tryna
23%
Aucun quiz correspondant
Distribution des résultats
% des personnes avec chaque résultat
Percentile par nombre de réponses
Votre historique - résultats
Vous n’avez pas pris ce quiz